| 000 | 00728cam a2200229 4500 | ||
|---|---|---|---|
| 001 | 32507 | ||
| 003 | AR-RoBPED | ||
| 005 | 20260407085749.0 | ||
| 008 | 260406s1969 sp ||||| |||| 00| f spa d | ||
| 040 | _aAR-RoBPED | ||
| 041 | _aspa | ||
| 100 | 1 |
_aGoethe, Johann Wolfgang von, _d1749-1832 _91257 |
|
| 245 | 1 | 3 |
_aWerther / _cGoethe ; prólogo de Cármen Bravo-Villasante. |
| 260 |
_aNavarra : _bSalvat, _c1969. |
||
| 300 | _a173 p. | ||
| 490 | 0 |
_a(Básica Salvat ; _v10) |
|
| 650 | 1 | 4 |
_aLITERATURA ALEMANA _9908 |
| 650 | 1 | 4 |
_aNOVELAS _925 |
| 700 |
_aBravo Villasante, Carmen _d1918-1994 _930667 _eprolog. |
||
| 942 |
_2udc _ak. 32507 _cBK _h830-31 _mG 64 _nInv. 42353 _iEj. 3 |
||
| 945 | _asa 06/04/2026 mev 07/04/2026 | ||
| 999 |
_c32507 _d32507 |
||